Normal view MARC view
  • SHAIKH, TANVIR. Y , USMAN Dr. MD. RAGEEBMD , SHAIKH Dr. SIRAJ N AND BENDEGUMBLE BASAWARAJ

Entry Personal Name

Number of records used in: 1

001 - CONTROL NUMBER

  • control field: 8272

003 - CONTROL NUMBER IDENTIFIER

  • control field: JRU

005 - DATE AND TIME OF LATEST TRANSACTION

  • control field: 20240108102158.0

008 - FIXED-LENGTH DATA ELEMENTS

  • fixed length control field: 240108|| aca||aabn | a|a d

040 ## - CATALOGING SOURCE

  • Original cataloging agency: JRU
  • Transcribing agency: JRU

100 ## - HEADING--PERSONAL NAME

  • Personal name: SHAIKH, TANVIR. Y , USMAN Dr. MD. RAGEEBMD , SHAIKH Dr. SIRAJ N AND BENDEGUMBLE BASAWARAJ

670 ## - SOURCE DATA FOUND

  • Source citation: Work cat.: (JRU)7883: SHAIKH, TANVIR. Y , USMAN Dr. MD. RAGEEBMD , SHAIKH Dr. SIRAJ N AND BENDEGUMBLE BASAWARAJ, A PRACTICAL BOOK PHYSICAL PHARMACEUTICS-I [SEM-I]